000
00298nam a2200121Ia 4500
008
190216s9999||||xx |||||||||||||| ||und||
100
_a
Enright D J
245
4
_a
The Oxford Book Of Death
260
_b
Oxford University Press
_c
1987
300
_a
351p
650
_a
English Literature
942
_c
BK
999
_c
13942
_d
13942